| 000 | 00578nam a2200205 a 4500 | ||
|---|---|---|---|
| 003 | BD-DhJNU | ||
| 005 | 20241027044447.0 | ||
| 008 | 241001s2004 ii a b 001 0 eng | ||
| 020 | _a9788194962977 | ||
| 040 |
_aBD-DhJNU _bENG _cBD-DhJNU _dBD-DhJNU |
||
| 082 | 0 | 0 |
_a801.95 GOC _223 |
| 100 | 1 | _aGoodman, W.R. | |
| 245 | 1 | 0 |
_aContemporary literary theory / _cW.R. Goodman |
| 260 |
_aDelhi : _bDoaba Publications, _c2004. |
||
| 300 |
_a236 p. : _bill. ; _c24 cm. |
||
| 504 | _aIncludes bibliographical references | ||
| 650 | 0 | _aCriticism | |
| 650 | 0 | _aFeminist Theory | |
| 942 | _cBK | ||
| 999 |
_c867 _d867 |
||